000 00627nam a2200193Ia 4500
999 _c38539
_d38539
001 4640
003 GE_BSU
005 20190423113903.0
008 181216s1991||||ge |||||||||||||| ||geo||
040 _cGE_BSU
041 _ageo
080 _a1(075.8) ფ–56
245 _aფილოსოფიის შესავალი :
_bდამხმ. სახელმძღვანელო
264 _aთბილისი :
_bსპი ,
_c1991.
300 _a215 გვ :
_c20 სმ.
653 _aფილოსოფიის შესავალი.
653 _aფილოსოფია
942 _cBK
_2udc